00648cam a22001812 4500001001100000005001700011008004100028040001500069245017400084250001300258260002800271300001100299650005100310700003600361700003100397700003500428852000300463000001321920151217155855.0090706s xx 000 0 eng d aKABUcKABU10aProceedings of the national workshop on regulations and guidelines for safety in biotechnology for Kenya /cGrace N. W. Thitai, John S. Mbaya, Johnson Nyangeri, editors. a1st ed. aNairobi :bNCST,c1998. a84 p. 0aAgricultural biotechnologyzKenya.@00001703691 aThitai, Grace N. W.@00001703701 aMbaya, John S.@00001703711 aNyangeri, Johnson.@00001703721